Dictators that killed the most people - Statistics

General Stats
  • This quiz has been taken 527 times
  • The average score is 6 of 10
Answer Stats
Kills Country Dictator % Correct
17M Germany Adolf Hitler
100%
23M Soviet Union Jozef Stalin
99%
49-78M China Mao Zedong
96%
1.6M North Korea Kim Il Sung
89%
1.7M Cambodia Pol Pot
78%
2-15M Belgium Leopold ll of Belgium
68%
5M Japan Hideki Tojo
43%
2.5M Ottoman Empire Ismail Enver Pasha
20%
400K-1.5M Ethiopia Mengistu Haile Mariam
11%
1.1M Nigeria Yakubu Gowon
5%
No matching quizzes found
Score Distribution
Percent of People with Each Score
Percentile by Number Answered
Your Score History
You have not taken this quiz